Production potential in the intercropping sequence of medicinal yam (Dioscorea floribunda) with pigeonpea (Cajanus cajan) and rubber (Hevea brasiliensis) (Record no. 65861)

MARC details
000 -LEADER
fixed length control field 00569nam a2200181Ia 4500
100 ## - MAIN ENTRY--AUTHOR NAME
Personal name Singh R S
245 #0 - TITLE STATEMENT
Title Production potential in the intercropping sequence of medicinal yam (Dioscorea floribunda) with pigeonpea (Cajanus cajan) and rubber (Hevea brasiliensis)
260 ## - PUBLICATION, DISTRIBUTION, ETC. (IMPRINT)
Name of publisher Indian Journal of Agricultural Sciences
Year of publication 1998
300 ## - PHYSICAL DESCRIPTION
Number of Pages 231-232
500 ## - GENERAL NOTE
General note Source Year: 1999
700 ## - ADDED ENTRY--PERSONAL NAME
Personal name Bhattacharyya T K
700 ## - ADDED ENTRY--PERSONAL NAME
Personal name Das P K
700 ## - ADDED ENTRY--PERSONAL NAME
Personal name Dutta A K
700 ## - ADDED ENTRY--PERSONAL NAME
Personal name Nag D
856 ## - ELECTRONIC LOCATION AND ACCESS
Uniform Resource Identifier HOA
942 ## - ADDED ENTRY ELEMENTS (KOHA)
Koha item type Journals
Holdings
Withdrawn status Lost status Damaged status Not for loan Home library Current library Shelving location Date acquired Serial Enumeration / chronology Koha item type
      Journals RRII Library RRII Library Soils and agonomy 17/12/2021 Volume 68, Issue 4 Journals